Statistics for NFL Passing Yards Top 50 All Time

Click here to take the quiz!

General Stats

  • This quiz has been taken 362 times
  • The average score is 19 of 50

Answer Stats

Passing YardsPlayer% Correct
60,904Tom Brady
96%
65,073Drew Brees
87%
71,940Peyton Manning
87%
71,838Brett Favre
78%
47,477Eli Manning
78%
61,361Dan Marino
74%
40,551Joe Montana
71%
51,475John Elway
65%
35,928Aaron Rodgers
64%
46,249Ben Roethlisberger
64%
33,124Steve Young
62%
36,807Matt Ryan
56%
45,036Philip Rivers
56%
49,325Warren Moon
55%
32,942Troy Aikman
51%
44,611Drew Bledsoe
47%
40,239Johnny Unitas
47%
35,467Jim Kelly
46%
34,154Tony Romo
45%
43,412Carson Palmer
43%
43,040Dan Fouts
43%
32,344Kurt Warner
42%
29,423Matthew Stafford
40%
31,904Joe Flacco
39%
37,276Donovan McNabb
38%
46,233Vinny Testaverde
34%
33,462Phil Simms
32%
31,304Steve McNair
31%
29,979Randall Cunningham
30%
37,920Boomer Esiason
29%
32,467Jay Cutler
29%
32,838Ken Anderson
24%
40,922Kerry Collins
22%
36,638Matt Hasselbeck
20%
32,072Mark Brunell
19%
33,070Y. A. Tittle
16%
34,837Jim Everett
15%
34,665Jim Hart
15%
29,054Brad Johnson
12%
32,224Sonny Jurgensen
12%
47,003Frank Tarkenton
11%
29,253Jake Plummer
11%
33,503John Hadl
9%
31,548John Brodie
8%
34,241Steve DeBerg
8%
29,444Roman Gabriel
7%
29,745Jon Kitna
4%
29,817Joe Ferguson
3%
30,797Norm Snead
1%
38,147Dave Krieq
0%

Score Distribution

Percentile by Number Answered

Percent of People with Each Score

Your Score History

You have not taken this quiz